| 000 | 02064cam a22005654i 4500 | ||
|---|---|---|---|
| 003 | PE-LiUPU | ||
| 005 | 20250731165510.0 | ||
| 008 | 180131s2015 ck a rb 001 0 spa d | ||
| 020 | _a9789587623819 | ||
| 035 | _a(Sirsi) a241133 | ||
| 040 |
_aPE-LiUPU _bspa _cPE-LiUPU _erda |
||
| 049 | _aPRUA | ||
| 082 | 0 | 4 |
_a005.8 _bR24 _221 |
| 100 | 1 |
_aRamos Varón, Antonio Ángel, _eautor. |
|
| 245 | 1 | 0 |
_aHacking práctico de redes Wi-Fi y radiofrecuencia / _cAntonio Ángel Ramos Varón, Carlos A. Barbero Muñoz, Rubén Martínez Sánchez, Ángel García Moreno, Jesus María Gonzáles Nava. |
| 264 | 1 |
_aBogotá : _bAnaya Multimedia, _c2015. |
|
| 300 |
_a321 páginas : _bilustraciones ; _c24 centímetros. |
||
| 336 |
_atext _2rdacontent |
||
| 337 |
_aunmediated _2rdamedia |
||
| 338 |
_avolume _2rdacarrier |
||
| 504 | _aBibliografía : páginas 315-317. | ||
| 504 | _aÍndice : páginas 319-321. | ||
| 505 | 0 | _aAtaques SQL injection a base de datos -- Cross site scripting -- Otros ataques comunes -- Hacking con HTML5 -- Web application firewall. | |
| 526 | _aSEG44 | ||
| 526 | _aSEG26 | ||
| 526 | _aP151 | ||
| 526 | _aP150 | ||
| 526 | _aP149 | ||
| 526 | _aP146 | ||
| 526 | _aP145 | ||
| 526 | _aP126 | ||
| 526 | _aP125 | ||
| 526 | _aP92 | ||
| 526 | _aP75 | ||
| 526 | _aP74 | ||
| 526 | _aP27 | ||
| 526 | _aP15 | ||
| 541 | _g0001-0042354; | ||
| 650 | 0 | 4 | _aSeguridad en computadores. |
| 650 | 0 | 4 | _aComputer security. |
| 700 | 1 |
_aGonzález Nava, Jesús María, _eautor. |
|
| 700 | 1 |
_aBarbero Muñoz, Carlos A., _eautor. |
|
| 700 | 1 |
_aOchoa Martín, Ángel, _eautor. |
|
| 700 | 1 |
_aMartínez Sánchez, Rubén, _eautor. |
|
| 910 |
_adbm _bksl _cksl _d20180131 |
||
| 942 |
_2ddc _cBOOK |
||
| 994 |
_aC0 _bPEPRU |
||
| 596 | _a1 | ||
| 999 |
_a005.8 R24 _wLC _c26772 _i78116 _d26772 _e2022-6-28 _f2021-11-9 _g4 _lCCODEBUL1 _mBUL _n30 _p23.04 _q2 _r0 _sY _tBOOK _u2018-1-31 _xINGENIERIA _PP27 _0COMPRA _o.PUBLIC. Colección Ingeniería y Arquitectura |
||
| 980 |
_81 _gALBERTO SANCHEZ Responsable de Automatización |
||